000 00975nam0a22002771 4500
001 rc\2304934
005 20260408001532.0
035 _a(NLR Aleph) 006468430
090 _a5909582
_c5909582
100 _a20110829d1977 |||y0rusy50 ca
101 0 _arus
_alit
102 _aRU
105 _ay z |||||
200 1 _aСельскохозяйственные фильмы
_e[Аннот. список]
_fРесп. контора кинопроката
210 _aVilnius
_cБ. и.
_d1977
215 _a221 с.
_d20
300 _aНа обороте тит. л. сост.: L. Aptus
300 _aТекст парал. на рус. и литов. яз.
702 1 _aАптус
_bЛ.
_4220
712 0 2 _aЛитовская республиканская контора кинопроката
_cВильнюс
_9827680
_3RU\NLR\AUTH\8810165833
801 0 _aRU
_bNLR
_gpsbo
801 1 _aRU
_bELAR
_2rusmarc
852 _aNLR
_bОНЛ
942 _cBOOK
980 _aNB